Les jeux à la télévision française - Statistiques

Statistiques générales
  • Ce quiz a été pris 684 fois
  • Le résultat moyen est 13 sur 30
Statistiques - réponses
Question Réponse % Correct
A quoi doivent faire attention les candidats de Jean-Luc Reichmann en 2005 ? à la marche
96%
Dans Personne n'y avait pensé, les candidats doivent trouver les réponses les moins souvent données sur un thème, quel jeu est basé sur le principe contraire ? Une famille en or
86%
Un extraterrestre accompagnait Vincent Lagaf dans le Bigdil ? Quel était son prénom ? Bill
80%
Laurence Boccolini n'a pas présenté un de ces jeux, lequel ? La toile infernale
70%
Patrice Laffont, Marie-Ange Nardi et Olivier Minne ont présenté successivement ce jeu... C'est... Pyramide
67%
Le jeu de société Pictionary a été adapté pour la télévision française sous le nom de : Dessinez, c'est gagné !
66%
Combien de couples s'affrontent dans Les Z'amours ? 3
63%
De 2003 à 2011, les Français ont pu réviser dans une émission dédiée... le code de la Route
61%
Dans l'émission A prendre ou à laisser, les candidats sont au nombre de 22, un par région de France
59%
Quel jeu n'a jamais été présenté par Vincent Lagaf ? Bowling
59%
La première finale d'Intervilles a opposé... Dax à Saint-Amand-les-Eaux
59%
Qui ne participe pas à la parodie de Tournez manège, renommé Tournez ménage ? Muriel Robin
54%
Qui ne co-animait pas Tournez manège ! Evelyne Dhéliat
53%
Les douze coups de midi, célèbre jeu de TF1, existe depuis 2010
47%
Dans quel jeu les candidats devaient-ils reconnaitre des chansons célèbres ? Fa si la chanter
44%
Le jeu 1 contre 100 a été repris en 2012 sous le nom Au pied du mur
43%
Comment s'appelait le jeu consacré à la langue française animé par Pierre Tchernia et Georges de Caunes en 1969 ? Francophonissime
35%
Au Québec, le jeu La Cible s'appelle... Le Cercle
35%
Pierre Tchernia a présenté pendant 13 ans un célèbre jeu... Monsieur Cinéma
29%
Intervilles a été créé en... 1962
28%
Qui est le plus grand champion des Douze coups de midi ? Bruno
27%
Des hommes sont testés par un jury de femmes dans une émission appelée... Chéri chéries
26%
Le jeu Des Chiffres et des Lettres est évoqué dans trois de ces films, quel est l'intrus ? La famille Bélier
26%
Bernard Golay a animé une émission d'enquête policière entre 1976 et 1981, elle s'appelait... L'inspecteur mène l'enquête
26%
La Tête et les Jambes associait deux candidats, un qui répondait à des questions et un sportif de haut niveau. En 1970, qui remporte Cavalier seul en étant à la fois la tête et les jambes ? Laurent Fabius
25%
Des Chiffres et des Lettres est à l'écran depuis 1972
22%
Quel jeu de société a été adapté pour la télévision et présenté par Christian Morin en 1994 ? Le Cluedo
16%
Le concept du jeu Des Chiffres et des Lettres a été adopté dans 15 pays sauf en... Argentine
15%
Quelle case n'existe pas sur la roue de La roue de la fortune ? 5000 €
13%
Dans La roue de la fortune, on ne perd pas la main si On met plus de 3 secondes à prendre une décision
12%
Aucun quiz correspondant
Distribution des résultats
% des personnes avec chaque résultat
Percentile par nombre de réponses
Votre historique - résultats
Vous n’avez pas pris ce quiz